00742nam a2200217 a 4500001001000000003000900010005001700019007000300036008004100039040002500080082002400105100002400129245005200153260004000205300002100245500007100266600003000337650005700367651005000424651005000474000015018DO-SdBNP20260321073639.0ta100129s2007 dr 001 0 spa d aDO-SdBNPbspacBNPHU 4a972.93054bK96j2221 aKury, Farid,d1962-10aJuan Bosch :bmemorias del golpe /cFarid Kury. aSanto Domingo :bCentenario,c2007. a103 p. ;c21 cm. aIncluye datos biográficos del autor en la solapa de la cubierta 10a Bosch, Juan, d1909-2001 4aPresidentes zRepública Dominicana vBiografías  0aRepública Dominicana --xHistoria --y1961- 4aRepública DominicanaxHistoria y1930-1961